000 01208nam0a22003011 4500
001 v19\rc\1843191
005 20260406130340.0
035 _a(NLR Aleph) 005258100
090 _a5873108
_c5873108
100 _a20071224d1908 |||y0rusy50 ca
101 0 _arus
102 _aRU
105 _ah z |||h|
200 1 _aЖизнь и речи Л.Н. Толстого
_e[В "Ясной поляне"
_f[И. Тенеромо]
210 _aСанкт-Петербург
_cтип. "Печ. труд"
_d[1908]
215 _a152, [1] с., 1 л. факс.
_d19
300 _aАвт. указан на обл. перед загл.
532 1 0 _aЖизнь и речи Льва Николаевича Толстого
700 1 _8rus
_7ca
_aТенеромо
_bИ. Б.
_f1865-1925
_gИсаак Борисович
_3RU\NLR\AUTH\77105578
_988503
702 1 _4570
_8rus
_7ca
_aТолстой
_bЛ. Н.
_f1828-1910
_gЛев Николаевич
_3RU\NLR\AUTH\771515
_9111537
801 0 _aRU
_bNLR
_c20071224
_gpsbo
801 0 _aRU
_bRuMoRGB
_c20071224
_2psbo
801 1 _aRU
_bProSoft-M
_c20071224
_2rusmarc
801 2 _aRU
_bNLR
_c20121211
_2rusmarc
852 _aNLR
_j37.5.8.18
852 _aNLR
_j130/7940
942 _cBOOK
980 _aNB